Selling 'em by the sack : (Record no. 6375)
[ view plain ]
| 000 -LEADER | |
|---|---|
| fixed length control field | 01099nam a2200217 4500 |
| 001 - CONTROL NUMBER | |
| control field | 7458 |
| 008 - FIXED-LENGTH DATA ELEMENTS--GENERAL INFORMATION | |
| fixed length control field | 150622s9999 xx 000 0 und d |
| fixed length control field | 150728s9999 xx 000 0 und d |
| fixed length control field | 150730s9999 xx 000 0 und d |
| 020 ## - INTERNATIONAL STANDARD BOOK NUMBER | |
| International Standard Book Number | 0814735673 |
| 092 ## - LOCALLY ASSIGNED DEWEY CALL NUMBER (OCLC) | |
| Classification number | 338.7 |
| 100 ## - MAIN ENTRY--PERSONAL NAME | |
| Personal name | Hogan, David Gerard. |
| Numeration | |
| Titles and words associated with a name | |
| Dates associated with a name | |
| Relator term | |
| Fuller form of name | |
| 245 ## - TITLE STATEMENT | |
| Title | Selling 'em by the sack : |
| Statement of responsibility, etc. | White Castle and the creation of American food / |
| Remainder of title | David Gerard Hogan. |
| 260 ## - PUBLICATION, DISTRIBUTION, ETC. | |
| Place of publication, distribution, etc. | New York New York University Press c1997. |
| 300 ## - PHYSICAL DESCRIPTION | |
| Extent | x, 199 p ill 24 cm |
| Other physical details | |
| Dimensions | |
| Accompanying material | |
| 504 ## - BIBLIOGRAPHY, ETC. NOTE | |
| Bibliography, etc. note | Includes bibliographical references (p. 193-196) and index |
| 520 ## - SUMMARY, ETC. | |
| Summary, etc. | Hogan (American history, Heidelberg College) traces the history of the hamburger's rise as a distinctive American culinary and ethnic symbol through the exploits of one of the pioneers in the fast food industry, Billy Ingram of the White Castle chain. Comparing Ingram to the Henry Ford of eating, H |
| 650 ## - SUBJECT ADDED ENTRY--TOPICAL TERM | |
| Topical term or geographic name entry element | Ingram, Billy, -- 1880-1966. |
| Form subdivision | |
| General subdivision | |
| Chronological subdivision | |
| Geographic subdivision | |
| Source of heading or term | |
| Topical term or geographic name entry element | White Castle (Restaurant) -- History. |
| Form subdivision | |
| General subdivision | |
| Chronological subdivision | |
| Geographic subdivision | |
| Source of heading or term | |
| Withdrawn status | Lost status | Source of classification or shelving scheme | Damaged status | Not for loan | Collection code | Home library | Current library | Shelving location | Date acquired | Serial Enumeration / chronology | Inventory number | Total Checkouts | Full call number | Barcode | Date last seen | Price effective from | Koha item type |
|---|---|---|---|---|---|---|---|---|---|---|---|---|---|---|---|---|---|
| Dewey Decimal Classification | Main TEST | RTC Library | RTC Library | Main opac | 27/11/2018 | 11416 | 338.7 HOG | 30011865 | 27/11/2018 | 27/11/2018 | Main |